00377 2200145 4500001002100000005001500021035002000036245006100056100002400117300001200141260003200153082000800185084001400193990002400207INLIS00000000000228020250527030920 a0010-05250005721 aSecercah Harapan Buat Olahragawan /cToho Cholik Mutohir0 aToho Cholik Mutohir a242 hlm bSunda Kelapa Mustaka,c2005 a700 a700 TOH s a0713193 s/d 0713194